000
00350 a2200169 4500
001
190539
020
_a
85-08-08166-9
040
_c
Magnum
100
_a
Porto, Cristina
240
1
0
_a
Joana banana
_l
por
245
1
0
_a
Joana banana
300
_a
130
362
0
_a
2003
440
1
_a
Ática
697
_a
LITERATURA INFANTO-JUVENIL
942
_c
BK
999
_c
190539
_d
190539